Wuthering heights (Record no. 7744)

MARC details
000 -LEADER
fixed length control field 00467cam a2200205ua 4500
001 - CONTROL NUMBER
control field 8652
005 - DATE AND TIME OF LATEST TRANSACTION
control field 20260515114348.0
008 - FIXED-LENGTH DATA ELEMENTS--GENERAL INFORMATION
fixed length control field 150210n ii |||gr||||Z||||||eng
020 ## - INTERNATIONAL STANDARD BOOK NUMBER
International Standard Book Number 9780199541898
040 ## - CATALOGING SOURCE
Transcribing agency MAIN
041 ## - LANGUAGE CODE
Language code of text/sound track or separate title eng
082 ## - DEWEY DECIMAL CLASSIFICATION NUMBER
Classification number 823N
100 ## - MAIN ENTRY--PERSONAL NAME
Personal name Bronte, E.,
Relator term Author.
245 ## - TITLE STATEMENT
Title Wuthering heights
Statement of responsibility, etc. By Emily Bronte
250 ## - EDITION STATEMENT
Edition statement 1st.
260 ## - PUBLICATION, DISTRIBUTION, ETC.
Place of publication, distribution, etc. New Delhi:
Name of publisher, distributor, etc. Oxford,
Date of publication, distribution, etc. 2009.
300 ## - PHYSICAL DESCRIPTION
Extent 340p.
653 ## - INDEX TERM--UNCONTROLLED
Uncontrolled term English fiction
942 ## - ADDED ENTRY ELEMENTS (KOHA)
Koha item type Books
Holdings
Withdrawn status Lost status Damaged status Not for loan Home library Current library Shelving location Date acquired Total checkouts Full call number Barcode Date last seen Date last checked out Copy number Price effective from Koha item type
        Naharkatiya College Library Naharkatiya College Library General stacks 09/19/2020 1 823N | BRO 21165 02/26/2026 02/20/2026 1 09/19/2020 Books
        Naharkatiya College Library Naharkatiya College Library General stacks 09/19/2020 1 823N | BRO 21166 11/21/2022 11/09/2022 2 09/19/2020 Books